000 00785nam a2200217 a 4500
003 0
005 20250428103322.0
008 050808s19uu xx 00 eng d
050 _aPHS HF 5415.157
_b.A38 2005
100 _aAguiluz, Amable XI.
245 _aRestaurant preferences as a reflection of neo-imperialism /
_cAmable Aguiluz XI.
260 _aLas PiƱas City, Philippines :
_bSouthville International School and Colleges,
_c2005.
300 _a43 pages :
_billustrations ;
_c28 cm.
504 _aIncludes bibliographical references.
650 _aNeo-Imperialism
_xRestaurants
_vSocial aspects.
650 _aConsumer behavior
_xSocial aspects.
650 _aImperialism
_xSocial aspects.
650 _aGlobalization
_xSocial aspects.
942 _2lcc
_cPASS
999 _c97179
_d97179